Our country's regions

An introduction to the United States that provides information on the country’s geography, people, culture, history, government, economy, and climate.

Tallennettuna:
Bibliografiset tiedot
Aineistotyyppi: Kirja
Kieli:Undetermined
Julkaistu: New York Macmillan/McGraw-Hill 2003
Aiheet:
Tagit: Lisää tagi
Ei tageja, Lisää ensimmäinen tagi!
Thư viện lưu trữ: Trung tâm Học liệu Trường Đại học Cần Thơ
LEADER 00776nam a2200205Ia 4500
001 CTU_168510
008 210402s9999 xx 000 0 und d
082 |a 973 
082 |b O.93/ce. 
245 0 |a Our country's regions 
245 0 |c James A. Banks ... [et al.] ; National Geographic Society (U.S.) 
260 |a New York 
260 |b Macmillan/McGraw-Hill 
260 |c 2003 
520 |a An introduction to the United States that provides information on the country’s geography, people, culture, history, government, economy, and climate. 
650 |a Geography,Social sciences 
650 |x Study and teaching (Elementary),Study and teaching (Elementary) 
650 |z United States 
904 |i Năm 
980 |a Trung tâm Học liệu Trường Đại học Cần Thơ